000
00315nam a22001337a 4500
008
170809b xxu||||| |||| 00| 0 eng d
020
_a
0131102559
041
_a
eng
080
_a
004
100
_a
35
101
_a
SHK
245
_a
CAD/CAM COMPUTER-AIDED DESIGN AND MANUFACTUIRNG
_c
GROOVER,M.P
942
_2
udc
_c
BK
999
_c
23024
_d
23024